| 000 | 00792pab a2200169 454500 | ||
|---|---|---|---|
| 008 | 180718b2006 xxu||||| |||| 00| 0 eng d | ||
| 100 | _aMahanta, Chandan | ||
| 245 | _aContending water uses: bridge over the Brahmaputra | ||
| 260 | _c2006 | ||
| 300 | _ap.579-81. | ||
| 362 | _a16 Feb | ||
| 520 | _aThe island of Majuli on the river Brahmaputra has been under constant threat from floods as well as rising erosion levels. Tension has simmered between development agencies responsible for flood control and the local eople who have opposed the structural measures. The proposed Bogibeel bridge has evoked concerns that the conflict will see an esclation. - Reproduced | ||
| 650 | _aWater supply | ||
| 700 | _aMahanta, Anjana | ||
| 773 | _aEconomic and Political Weekly | ||
| 909 | _a68945 | ||
| 999 |
_c68945 _d68945 |
||